000
00305nam a2200133 a 4500
001
3844
003
CDMR
005
20130116135249.0
008
130130s1934||||||||||||||||||||||||||||d
040
_a
CDMR
_b
cat
_c
CPC GIRONA
245
0
_a
2º Saló d'Humoristes
260
_c
1934
_b
Impremta Ràfuls
942
_c
MON
999
_c
3844
_d
3844